Les animaux dans le titre des contes et romans - Statistiques

Statistiques générales
  • Ce quiz a été pris 408 fois
  • Le résultat moyen est 13 sur 26
Statistiques - réponses
Auteur Titre du roman Animal % Correct
Arthur Conan Doyle Le ... des Baskerville chien
96%
Charles Perrault Peau d'... Ane
95%
Marcel Aymé Les contes du ... perché chat
94%
Nicholas Evans L'Homme qui murmurait à l'oreille des ... chevaux
86%
Jean-Christophe Grangé L'empire des ... loups
83%
Michael Blake Danse avec les ... loups
83%
John Steinbeck Des ... et des hommes souris
83%
Hervé Bazin ... au poing vipère
77%
Antoine Blondin Un ... en hiver singe
72%
Katherine Pancol Les yeux jaunes des ... crocodiles
58%
Bernard Werber Le jour des ... fourmis
53%
Laurent Rohr Un ... sur l'épaule papillon
43%
Jean-Dominique Bauby Le scaphandre et le ... papillon
43%
Bernard Werber Le ... des étoiles papillon
43%
Sara Gruen De l'eau pour les ... éléphants
42%
Katherine Pancol Les ... de Central Park sont tristes le lundi écureuils
41%
Pierre Schoendoerffer Le ... tambour crabe
36%
Marcel Aymé La ... verte jument
32%
Muriel Barbery L'élégance du ... hérisson
31%
Jean-Christophe Grangé Le vol des ... cigognes
25%
Guy de Maupassant Contes de la .... bécasse
21%
Catherine Siguret Le ... de la place des Vosges mouton
21%
Roger Blondel le ... enragé mouton
21%
Katherine Pancol La Valse lente des .... tortues
20%
Maurice Druon La ... de France louve
10%
Daniel Picouly Le cri muet de l'... iguane
2%
Aucun quiz correspondant
Distribution des résultats
% des personnes avec chaque résultat
Percentile par nombre de réponses
Votre historique - résultats
Vous n’avez pas pris ce quiz